Štúdium stereoselektivity adície organokovových činidiel na aminometyl cyklohexanón : Dát.obháj.: 16.2.1999
Na minha lista:
| Autor principal: | |
|---|---|
| Formato: | Manuscrito Livro |
| Idioma: | eslovaco |
| Publicado em: |
Bratislava :
STU v Bratislave ChtF,
1999
|
| Tags: |
Sem tags, seja o primeiro a adicionar uma tag!
|
MARC
| LEADER | 00000ntm a22000003a 4500 | ||
|---|---|---|---|
| 001 | stu49342 | ||
| 005 | 20150617225708.2 | ||
| 008 | 990316s1999------------------------slo-d | ||
| 040 | |a STU |b slo | ||
| 041 | 0 | |a slo | |
| 100 | 1 | |a Trebichalský, Pavol |4 aut | |
| 245 | 1 | |a Štúdium stereoselektivity adície organokovových činidiel na aminometyl cyklohexanón : |b Dát.obháj.: 16.2.1999 | |
| 260 | |a Bratislava : |b STU v Bratislave ChtF, |c 1999 | ||
| 300 | |a 46 s | ||
| 500 | |a Tab.,lit.Zameranie: Chémia | ||
| 996 | |b CD12709 |c C*D12709 |l CCI |s A |a 24 |w stu49342_0001 | ||